000 00425nam a2200193Ia 4500
008 170918s9999 xx 000 0 und d
020 _a9780544336254
050 _bL921 2012
100 _aLowry, Lois
245 _aSon /
245 _cby Lois Lowry.
260 _aNew York :
260 _bScholastic,
260 _c2012
300 _a393 pages :
300 _billustrations ;
300 _c21cm.
500 _a720
999 _c344357
_d344357